[Event "East Greenbush op"]
[Site "East Greenbush"]
[Date "2003.11.15"]
[Round "1"]
[White "Katz, Benjamin"]
[Black "Kubler, Carl E"]
[Result "1-0"]
[WhiteElo "2008"]
[BlackElo "1410"]
[PlyCount "49"]
[EventDate "2003.11.15"]
[EventType "swiss"]
[EventRounds "4"]
[EventCountry "USA"]
[SourceTitle "EXT 2008"]
[Source "ChessBase"]
[SourceDate "2007.11.25"]
[SourceVersion "1"]
[SourceVersionDate "2007.11.25"]
[SourceQuality "1"]

1. e4 c6 2. Nc3 d5 3. Nf3 Bg4 4. h3 Bh5 5. g4 Bg6 6. exd5 cxd5 7. Ne5 Nf6 8. Bb5+ Nbd7 9. Nxd5 Nxd5 10. Bxd7+ Qxd7 11. Nxd7 Kxd7 12. Qf3 Nf6 13. Qxb7+ Ke6 14. Qxa8 Be4 15. Qc8+ Ke5 16. d4+ Kxd4 17. Be3+ Ke5 18. f4+ Kd6 19. 0-0-0+ Nd5 20. Qc5+ Kd7 21. Rxd5+ Bxd5 22. Qxd5+ Kc7 23. Qc5+ Kb7 24. Qxa7+ Kc8 25. Bb6 1-0

[Event "East Greenbush op"]
[Site "East Greenbush"]
[Date "2003.11.15"]
[Round "4"]
[White "Kubler, Carl E"]
[Black "Germanowski, John B"]
[Result "1/2-1/2"]
[WhiteElo "1410"]
[BlackElo "1347"]
[PlyCount "120"]
[EventDate "2003.11.15"]
[EventType "swiss"]
[EventRounds "4"]
[EventCountry "USA"]
[SourceTitle "EXT 2008"]
[Source "ChessBase"]
[SourceDate "2007.11.25"]
[SourceVersion "1"]
[SourceVersionDate "2007.11.25"]
[SourceQuality "1"]

1. e4 e5 2. Nf3 Nc6 3. Bc4 Nf6 4. d3 Bb4+ 5. c3 Be7 6. 0-0 0-0 7. Bg5 d6 8. Nbd2 Ng4 9. Bxe7 Qxe7 10. d4 a6 11. b4 b5 12. Bd5 Bb7 13. a4 Nf6 14. Bb3 exd4 15. Nxd4 Nxd4 16. cxd4 d5 17. e5 Nd7 18. Rb1 c6 19. Bc2 g6 20. f4 f6 21. Qg4 fxe5 22. fxe5 Kg7 23. Nf3 Bc8 24. a5 Nxe5 25. Qg3 Nxf3+ 26. Rxf3 Rxf3 27. Qxf3 Bd7 28. g4 Re8 29. h3 Qd6 30. g5 Rf8 31. Qe3 Qe6 32. Qxe6 Bxe6 33. Rb3 Bf5 34. Bxf5 Rxf5 35. Rc3 Rxg5+ 36. Kh2 Rf5 37. Rxc6 Rf4 38. Rxa6 Rxd4 39. Ra7+ Kh6 40. Rd7 Rxb4 41. Rxd5 Rb2+ 42. Kg3 b4 43. h4 Ra2 44. Kg4 b3 45. h5 b2 46. Rb5 Ra4+ 47. Kf3 Rxa5 48. Rxb2 Rxh5 49. Kg4 Rf5 50. Rb6 Kg7 51. Kh4 h5 52. Ra6 Rf4+ 53. Kg3 Rg4+ 54. Kf3 Kh6 55. Ra5 Rb4 56. Rc5 h4 57. Rc8 Rb7 58. Kg4 g5 59. Rc6+ Kh7 60. Rc5 Rg7 1/2-1/2